Geography Quiz

Random Geography or World Quiz

Countries Without 'Borders' Quiz Stats

 Plays Quiz Updated Aug 10, 2017

Support Sporcle.
Go Orange.
Score 0/30 Timer 04:00
4 Plays Today
'Border'less Country Country % Correct
G _ _ _ G I AGeorgia
94.5%
L U X _ M _ _ U _ GLuxembourg
92.3%
C _ _ T A     _ I C A Costa Rica
91.3%
C A M _ _ _ _ NCameroon
90.2%
C A M _ _ _ I ACambodia
89.6%
_ _ U T H     K _ _ _ ASouth Korea
88.5%
_ J I _ _ U T IDjibouti
88.1%
M _ L _ _ V AMoldova
88.1%
_ A N     M A _ I _ _San Marino
87.1%
_ U _ U N _ IBurundi
84.9%
T _ G _Togo
84.8%
I _ _ L A N _Ireland
84.1%
N _ T H _ _ L A N _ _Netherlands
81.7%
_ _ L _ M _ N     I _ L A N _ _Solomon Islands
81.3%
M _ _ _ C C _Morocco
81%
'Border'less Country Country % Correct
I N _ _ N _ _ I A Indonesia
80.9%
L A _ _Laos
80.5%
_ A H _ A I N Bahrain
80.2%
_ C U A _ _ _Ecuador
77.1%
G A _ _ NGabon
76.8%
H _ N _ U _ A _Honduras
74.4%
L I _ _ _ I ALiberia
74.4%
A N _ _ _ _ AAndorra
67.4%
J _ _ _ A NJordan
66.9%
_ W _ _ _ NSweden
58.1%
C _ M _ _ _ _Comoros
56.2%
_ U _ _ I ARussia
49.3%
_ _ T _ N I AEstonia
46.9%
_ _ L A _ U _Belarus
40.8%
_ _ _ _ I ASerbia
25.3%

You're not logged in!

Compare scores with friends on all Sporcle quizzes.
OR
Log In
Forgot?

From the Vault

Premier League: Most Goals in a Season

by robmead

These plays know how to set high goals...and achieve them.
Remove Ads.
Support Sporcle.
Get the best of Sporcle when you Go Orange. This ad-free experience offers more features, more stats, and more fun while also helping to support Sporcle. Thank you for becoming a member.

Show Comments

Extras

Top Quizzes Today


Score Distribution

Your Account Isn't Verified!

In order to create a playlist on Sporcle, you need to verify the email address you used during registration. Go to your Sporcle Settings to finish the process.

Report this User

Report this user for behavior that violates our Community Guidelines.

Details: